000 01455cab a2200229 4500
001 ABS48666
008 090401t1993 xxu||||| |||| 00| 0 eng d
035 _a(Sirsi) u67905
041 _aeng
245 _aRamdath v Oswald Daley (T/A D & E Auto Spares) and another
260 _c1993
350 _a0
490 _aEstates Gazette
_v(1993) 20 EG 123-125(3)
520 _aCA 18 January 1993. The first defendant (D) was lessee of premises in which the plaintiff (R) occupied the second-floor flat. In July 91 the second defendant (A) became manager on behalf of D and demanded a weekly rent of £100 instead of £40, R refused to pay the increase. R returned home one day in August to find himself locked out of the flat and some of his possessions outside. R did not gain readmittance until September. Meanwhile A verbally abused R in front of witnesses on five occasions. The County Court awarded exemplary damages against both D & A. They appealed. D`s appeal dismissed; A`s appeal "held" in part, as exemplary damages could not be ordered against A acting as a landlord`s agent unless it was established that A stood to benefit from the eviction.
650 _aEXEMPLARY DAMAGES
650 _aRENT ARREARS
650 _aPROPERTY-RESIDENTIAL PROPERTY-RESIDENTIAL LANDLORD AND TENANT-RESIDENTIAL TENANCIES
650 _aUNLAWFUL EVICTION
690 _aLANDLORD AND TENANT-CASE LAW-RESIDENTIAL TENANCIES
942 _n0
948 _c04/03/1997
999 _c42550
_d42550